[Event "8.Open B Week-End"]
[Site "Padova"]
[Date "2005.12.11"]
[Round "2.2"]
[White "Pomaro, Alberto"]
[Black "Cacco, Christian"]
[Result "1-0"]
[WhiteElo "1971"]
[BlackElo "2393"]
[Annotator "Gabriele Ballarin"]
[PlyCount "113"]
[EventDate "2005.12.10"]
[EventType "swiss"]
[EventRounds "6"]
[EventCountry "ITA"]

1. d4 c5 2. d5 e5 3. c4 d6 4. Nc3 Ne7 5. e4 Ng6 6. Bd3 Be7 7. Nge2 a6 8. Be3 Bg5 9. Qd2 h6 10. O-O-O Bxe3 11. Qxe3 Qg5 12. Ng3 Qxe3+ 13. fxe3 Kd7 14. Rdf1 f6 15. Nh5 Ke7 16. Nxg7 h5 17. Rf2 Rh7 18. Na4 Rxg7 19. Nb6 Nd7 20. Nxa8 Kd8 21. Rhf1 Ngf8 22. g3 b5 23. cxb5 Bb7 24. Nb6 Nxb6 25. bxa6 Ba8 26. Rxf6 Nfd7 27. Rxd6 c4 28. Bc2 Kc7 29. Rh6 Kb8 30. a4 c3 31. bxc3 Ka7 32. Kd2 Nc5 33. Rf8 Nxa6 34. Rxb6 Kxb6 35. Rxa8 h4 36. Re8 hxg3 37. hxg3 Rg5 38. Kd3 Nc5+ 39. Kc4 Nb7 40. Re6+ Kc7 41. Rc6+ Kb8 42. Kb5 Rxg3 43. d6 Rg2 44. Bd3 Rd2 45. Bf1 Nxd6+ 46. Ka6 Nxe4 47. Bh3 Rd6 48. Rxd6 Nxd6 49. Be6 Ne4 50. Kb6 Nxc3 51. Bb3 Ne4 52. a5 Nd6 53. Be6 Ne4 54. a6 Nc3 55. Bb3 Ka8 56. a7 e4 57. Ka6 1-0

[Event "8.Open B Week-End"]
[Site "Padova"]
[Date "2005.12.11"]
[Round "2.3"]
[White "Dvirnyy, Danyyil"]
[Black "Pirpamper, Klaus"]
[Result "1-0"]
[WhiteElo "2272"]
[BlackElo "1952"]
[Annotator "Gabriele Ballarin"]
[PlyCount "53"]
[EventDate "2005.12.10"]
[EventType "swiss"]
[EventRounds "6"]
[EventCountry "ITA"]

1. e4 e5 2. Nf3 Nc6 3. d4 exd4 4. Bc4 Qf6 5. O-O Bc5 6. e5 Qg6 7. c3 d3 8. b4 Bb6 9. a4 a5 10. b5 Nd8 11. Re1 Nh6 12. Bxd3 Qh5 13. Ba3 Ne6 14. Nbd2 Ng4 15. Ne4 Nxe5 16. Nxe5 Qxe5 17. Nd6+ cxd6 18. Rxe5 dxe5 19. Qh5 Bc5 20. Bxc5 Nxc5 21. Qxe5+ Ne6 22. Qd6 f6 23. f4 g6 24. g4 Kf7 25. f5 gxf5 26. gxf5 Ng5 27. Bc4+ 1-0

[Event "8.Open B Week-End"]
[Site "Padova"]
[Date "2005.12.11"]
[Round "2.4"]
[White "Demiraj, Rumi"]
[Black "Caruso, Augusto"]
[Result "0-1"]
[WhiteElo "1925"]
[BlackElo "2244"]
[Annotator "Gabriele Ballarin"]
[PlyCount "80"]
[EventDate "2005.12.10"]
[EventType "swiss"]
[EventRounds "6"]
[EventCountry "ITA"]

1. e4 e5 2. Nf3 Nc6 3. Bb5 f5 4. d4 fxe4 5. Bxc6 dxc6 6. Nxe5 Qh4 7. Qe2 Nf6 8. Nc3 Be6 9. h3 Be7 10. g3 Qh5 11. Qxh5+ Nxh5 12. Ne2 O-O-O 13. Be3 Rhe8 14. b3 c5 15. O-O-O cxd4 16. Nxd4 Bg8 17. Ng4 g6 18. Nh6 Ng7 19. Nxg8 Rxg8 20. c3 a6 21. Kc2 Bd6 22. g4 Rde8 23. b4 Rgf8 24. Rhf1 Ne6 25. Nxe6 Rxe6 26. Kd2 Ref6 27. h4 Be5 28. Kc2 Rc6 29. Rd4 Bxd4 30. Bxd4 Rf3 31. Kb3 Rh3 32. Re1 Re6 33. f4 Rxh4 34. f5 gxf5 35. gxf5 Re8 36. f6 Rf4 37. Kc4 b5+ 38. Kb3 h5 39. Kc2 h4 40. Rh1 e3 0-1

[Event "8.Open B Week-End"]
[Site "Padova"]
[Date "2005.12.11"]
[Round "2.5"]
[White "Danieli, Enrico"]
[Black "Sinato, Fabrizio"]
[Result "0-1"]
[WhiteElo "2163"]
[BlackElo "1942"]
[Annotator "Gabriele Ballarin"]
[PlyCount "52"]
[EventDate "2005.12.10"]
[EventType "swiss"]
[EventRounds "6"]
[EventCountry "ITA"]

1. d4 d5 2. Nf3 e6 3. e3 Nf6 4. Bd3 Be7 5. O-O Nbd7 6. b3 O-O 7. Bb2 b6 8. Nbd2 Bb7 9. c4 Re8 10. Rc1 c6 11. Ne5 Nxe5 12. dxe5 Nd7 13. f4 Nc5 14. Bb1 dxc4 15. Rxc4 g6 16. Qc2 Qc7 17. Qc3 Ba6 18. Rxc5 Bxc5 19. Rf3 Red8 20. Bc2 Qe7 21. a3 Bxa3 22. Ne4 Bxb2 23. Qxb2 Qb4 24. Kf2 Bd3 25. Nf6+ Kg7 26. Kg3 Qd2 0-1

[Event "8.Open B Week-End"]
[Site "Padova"]
[Date "2005.12.11"]
[Round "2.6"]
[White "Bonafede, Alessandro"]
[Black "Pomaro, Stefano"]
[Result "1-0"]
[WhiteElo "2147"]
[BlackElo "1919"]
[Annotator "Gabriele Ballarin"]
[PlyCount "60"]
[EventDate "2005.12.10"]
[EventType "swiss"]
[EventRounds "6"]
[EventCountry "ITA"]

1. e4 c6 2. d4 d5 3. f3 dxe4 4. fxe4 e5 5. Nf3 Be6 6. c3 Nd7 7. Bd3 exd4 8. cxd4 Bb4+ 9. Nc3 Qa5 10. Bd2 Qc7 11. O-O Ngf6 12. e5 Bxc3 13. bxc3 Nd5 14. Ng5 Nf8 15. Ne4 O-O-O 16. Rb1 Nb6 17. Nd6+ Rxd6 18. exd6 Qxd6 19. Qf3 Ng6 20. Bf5 Rf8 21. Rbe1 Nd7 22. Qe4 Bd5 23. Qg4 Bc4 24. Rf2 h5 25. Qxh5 Rh8 26. Qxh8+ Nxh8 27. Re8+ Kc7 28. Bf4 Qxf4 29. Rxf4 Ng6 30. Bxg6 fxg6 1-0

[Event "8.Open B Week-End"]
[Site "Padova"]
[Date "2005.12.11"]
[Round "2.7"]
[White "Busi, Massimo"]
[Black "Carini, Massimo"]
[Result "0-1"]
[WhiteElo "1849"]
[BlackElo "2140"]
[Annotator "Gabriele Ballarin"]
[PlyCount "123"]
[EventDate "2005.12.10"]
[EventType "swiss"]
[EventRounds "6"]
[EventCountry "ITA"]

1. e4 e5 2. Nf3 Nf6 3. Nxe5 d6 4. Nf3 Nxe4 5. Qe2 Qe7 6. d3 Nf6 7. Bg5 Qxe2+ 8. Bxe2 Be7 9. Nc3 Bd7 10. O-O-O Nc6 11. Rde1 O-O 12. h3 a6 13. Nd2 Rae8 14. Nb3 b5 15. Bf3 b4 16. Nb1 h6 17. Bf4 Nd8 18. Re2 Ne6 19. Bd2 d5 20. c4 c6 21. Rhe1 Bd6 22. Be3 Nf4 23. Bxf4 Bxf4+ 24. N1d2 Rxe2 25. Rxe2 dxc4 26. dxc4 Be6 27. Kc2 Bf5+ 28. Be4 Nxe4 29. Nxe4 Re8 30. f3 Kf8 31. Nbc5 Bg6 32. Nd7+ Ke7 33. Ndc5 Kd8 34. Nd3 Bd6 35. c5 Bf8 36. Kd2 a5 37. g4 Kc7 38. h4 f5 39. Nef2 Rxe2+ 40. Kxe2 fxg4 41. fxg4 Bf7 42. b3 Bd5 43. Ke3 Be7 44. h5 Bg5+ 45. Nf4 a4 46. bxa4 Bxa2 47. N2d3 b3 48. Nb2 Bb1 49. Nc4 Bc2 50. Kf3 Bf6 51. a5 b2 52. Nxb2 Bxb2 53. g5 Bd1+ 54. Ke3 hxg5 55. Ne6+ Kb7 56. Nxg5 Bxh5 57. Ne6 Bf6 58. Kd3 Ka6 59. Nf4 Bf7 60. Ne2 Bd5 61. Ng3 Kxa5 62. Ne4 0-1

[Event "8.Open B Week-End"]
[Site "Padova"]
[Date "2005.12.11"]
[Round "2.8"]
[White "Damia, Angelo"]
[Black "Rodeghiero, Andrea"]
[Result "1/2-1/2"]
[WhiteElo "2137"]
[BlackElo "1494"]
[Annotator "Gabriele Ballarin"]
[PlyCount "93"]
[EventDate "2005.12.10"]
[EventType "swiss"]
[EventRounds "6"]
[EventCountry "ITA"]

1. e4 c5 2. Nf3 Nc6 3. d4 cxd4 4. Nxd4 g6 5. c4 Bg7 6. Be3 d6 7. Nc3 Nf6 8. Be2 O-O 9. f3 Bd7 10. Qd2 Re8 11. O-O a6 12. Rac1 Nxd4 13. Bxd4 Bc6 14. Rfd1 Qa5 15. b3 Qh5 16. Nd5 Bxd5 17. cxd5 Bh6 18. Be3 Bxe3+ 19. Qxe3 Rac8 20. f4 Qh4 21. Bf3 Ng4 22. Bxg4 Qxg4 23. h3 Qd7 24. f5 Rxc1 25. Rxc1 Rc8 26. fxg6 Rxc1+ 27. Qxc1 hxg6 28. a4 Qd8 29. Qc3 Qb6+ 30. Kh2 Qd8 31. a5 Qd7 32. Qc4 Qd8 33. b4 Qd7 34. Qd4 f6 35. Qb6 Kg7 36. Kg3 Qc8 37. Kh2 Kf7 38. Qe3 Kg7 39. Qd3 Qc1 40. Qd4 Qf4+ 41. Kg1 Qc1+ 42. Kf2 Qc2+ 43. Kg3 Qc1 44. h4 Qe1+ 45. Kh3 Qh1+ 46. Kg3 Qe1+ 47. Kf3 1/2-1/2

[Event "8.Open B Week-End"]
[Site "Padova"]
[Date "2005.12.11"]
[Round "2.9"]
[White "Omeri, Silvan"]
[Black "Tomio, Dante"]
[Result "1-0"]
[WhiteElo "2128"]
[BlackElo "1831"]
[Annotator "Gabriele Ballarin"]
[PlyCount "85"]
[EventDate "2005.12.10"]
[EventType "swiss"]
[EventRounds "6"]
[EventCountry "ITA"]

1. e4 c5 2. Nf3 d6 3. d4 cxd4 4. Nxd4 Nf6 5. Nc3 e6 6. Be3 a6 7. a4 Be7 8. Bc4 Bd7 9. O-O Nc6 10. f4 Nxd4 11. Bxd4 Qc7 12. Bb3 O-O 13. e5 Ne8 14. Ne4 d5 15. Ng5 h6 16. Nf3 Bc5 17. c3 g6 18. Bxc5 Qxc5+ 19. Nd4 Ng7 20. g4 Rfe8 21. Bc2 b5 22. Rf3 Rab8 23. b4 Qc7 24. a5 Rbc8 25. Qd2 Re7 26. Rc1 Qd8 27. Rh3 Qf8 28. Rxh6 Nf5 29. Nxf5 exf5 30. g5 Be6 31. h4 Rec7 32. Bb3 Qg7 33. h5 Rd7 34. Qd4 gxh5 35. Kf2 Rdc7 36. Bxd5 Rd8 37. Rxe6 Rc4 38. Bxc4 Rxd4 39. Re8+ Kh7 40. cxd4 bxc4 41. Rxc4 h4 42. d5 Kg6 43. Rcc8 1-0

[Event "8.Open B Week-End"]
[Site "Padova"]
[Date "2005.12.11"]
[Round "2.10"]
[White "Marson, Antonio"]
[Black "Xia, Jie"]
[Result "0-1"]
[WhiteElo "1854"]
[BlackElo "2111"]
[Annotator "Gabriele Ballarin"]
[PlyCount "60"]
[EventDate "2005.12.10"]
[EventType "swiss"]
[EventRounds "6"]
[EventCountry "ITA"]

1. d4 Nf6 2. Bf4 g6 3. e3 Bg7 4. Be2 d6 5. h3 O-O 6. Nf3 b6 7. O-O Bb7 8. a4 a5 9. Na3 Nfd7 10. Bh2 e5 11. c3 Qe7 12. Rb1 f5 13. c4 Kh8 14. Nb5 Na6 15. Qd2 Rad8 16. Nc3 Nb4 17. Ne1 g5 18. Rc1 f4 19. Bf3 e4 20. Bg4 Qf7 21. Nb5 Nf6 22. exf4 Nxg4 23. hxg4 gxf4 24. g5 Rd7 25. Nc2 Nd3 26. Rb1 Qxc4 27. Nca3 Qd5 28. Qe2 Qxg5 29. Kh1 f3 30. gxf3 exf3 0-1

[Event "8.Open B Week-End"]
[Site "Padova"]
[Date "2005.12.11"]
[Round "2.11"]
[White "Ravagnani, Tiziano"]
[Black "Calicchia, Giovanni"]
[Result "1-0"]
[WhiteElo "2091"]
[BlackElo "1808"]
[Annotator "Gabriele Ballarin"]
[PlyCount "89"]
[EventDate "2005.12.10"]
[EventType "swiss"]
[EventRounds "6"]
[EventCountry "ITA"]

1. e4 c5 2. Nf3 Nc6 3. d4 cxd4 4. Nxd4 Qc7 5. Nc3 e6 6. Ndb5 Qb8 7. a4 a6 8. Na3 Nf6 9. Nc4 Bc5 10. Bg5 Qc7 11. Bd3 b6 12. Qf3 Ne5 13. Nxe5 Qxe5 14. Bf4 Qh5 15. Qg3 Qg4 16. Qxg4 Nxg4 17. O-O Bb7 18. e5 f6 19. Ne4 Nxe5 20. Nxc5 bxc5 21. Bxe5 fxe5 22. Rfe1 d6 23. f4 Ke7 24. fxe5 d5 25. Re3 c4 26. Be2 Rhf8 27. b3 Rf4 28. g3 d4 29. gxf4 dxe3 30. Bxc4 Rf8 31. Rf1 Be4 32. Bxa6 Bxc2 33. Bc4 Rd8 34. Kg2 Be4+ 35. Kg3 Rd2 36. Re1 Rg2+ 37. Kh3 Rf2 38. Rxe3 Bf5+ 39. Kg3 Rb2 40. a5 h5 41. Re2 Rxe2 42. Bxe2 Kd8 43. Bxh5 Kc7 44. Bg4 Bc2 45. Bxe6 1-0

[Event "8.Open B Week-End"]
[Site "Padova"]
[Date "2005.12.11"]
[Round "2.12"]
[White "Gennari, Leone"]
[Black "Fracasso Pezzolato, Michele"]
[Result "1-0"]
[WhiteElo "2038"]
[BlackElo "1799"]
[Annotator "Gabriele Ballarin"]
[PlyCount "75"]
[EventDate "2005.12.10"]
[EventType "swiss"]
[EventRounds "6"]
[EventCountry "ITA"]

1. d4 Nf6 2. c4 c5 3. d5 e6 4. Nc3 exd5 5. cxd5 d6 6. e4 g6 7. Bb5+ Nbd7 8. a4 Bg7 9. f4 O-O 10. Nge2 a6 11. Bd3 Re8 12. O-O c4 13. Bc2 Qb6+ 14. Kh1 Ng4 15. Qe1 Nc5 16. h3 Nf6 17. Qf2 Qc7 18. Qf3 Qe7 19. Ng3 b6 20. Bd2 Bb7 21. Rae1 Nfd7 22. Rf2 Qh4 23. Rfe2 Re7 24. Nf1 Bd4 25. Be3 Qf6 26. Bxd4 Qxd4 27. Rd1 Qg7 28. Ne3 Nb3 29. Bxb3 cxb3 30. Nc4 b5 31. Nxd6 b4 32. Nb1 Nc5 33. e5 f6 34. Nxb7 Rxb7 35. d6 Kh8 36. Qd5 fxe5 37. fxe5 Rab8 38. Qxc5 1-0

[Event "8.Open B Week-End"]
[Site "Padova"]
[Date "2005.12.11"]
[Round "2.13"]
[White "Danese, Aldo"]
[Black "Zanin, Dario"]
[Result "0-1"]
[WhiteElo "1829"]
[BlackElo "2044"]
[Annotator "Gabriele Ballarin"]
[PlyCount "141"]
[EventDate "2005.12.10"]
[EventType "swiss"]
[EventRounds "6"]
[EventCountry "ITA"]

1. f4 d5 2. Nf3 c5 3. e3 Nc6 4. b3 Bg4 5. Be2 f6 6. O-O Nh6 7. d4 e6 8. c3 Bd6 9. Na3 a6 10. Nc2 O-O 11. Qe1 Bf5 12. dxc5 Bxc5 13. Ncd4 Qe7 14. Nh4 Be4 15. Bf3 f5 16. Be2 e5 17. fxe5 Nxe5 18. Nhf3 Ng6 19. g3 Rae8 20. Nd2 Bxd4 21. cxd4 Bc2 22. Nf3 Ng4 23. Qc3 Nxe3 24. Re1 f4 25. Bf1 Rc8 26. Qa5 Be4 27. Ba3 Qd8 28. Qxd8 Rfxd8 29. Ng5 Nc2 30. Bc5 Nxa1 31. Rxa1 Re8 32. Bh3 fxg3 33. hxg3 Rxc5 34. dxc5 Ne5 35. b4 Nf3+ 36. Nxf3 Bxf3 37. Kf2 Be4 38. Bf1 g6 39. a4 h5 40. Be2 Kf7 41. b5 a5 42. Rc1 Rc8 43. Ke3 Ke6 44. Kd4 Rf8 45. c6 b6 46. c7 Rc8 47. Bf1 g5 48. Be2 Kd7 49. Bxh5 Rxc7 50. Be8+ Kd6 51. Bc6 Rf7 52. Rc3 Rf2 53. Ba8 Rc2 54. Rxc2 Bxc2 55. Bxd5 Bxa4 56. Bc4 Bd1 57. Bd3 Bb3 58. Be2 a4 59. Kc3 Kc5 60. g4 Be6 61. Kb2 Kb4 62. Ka1 Bc4 63. Bf3 Bxb5 64. Bd1 Bd7 65. Bf3 b5 66. Be2 Kc3 67. Bf3 b4 68. Bd1 a3 69. Bf3 b3 70. Bd1 b2+ 71. Kb1 0-1

[Event "8.Open B Week-End"]
[Site "Padova"]
[Date "2005.12.11"]
[Round "2.15"]
[White "Battagin_214, Mosè"]
[Black "Valentini, Paola"]
[Result "1/2-1/2"]
[WhiteElo "1802"]
[BlackElo "2004"]
[Annotator "Gabriele Ballarin"]
[PlyCount "109"]
[EventDate "2005.12.10"]
[EventType "swiss"]
[EventRounds "6"]
[EventCountry "ITA"]

1. e4 c6 2. d4 d5 3. Nc3 dxe4 4. Nxe4 Bf5 5. Ng3 Bg6 6. h4 h6 7. Nh3 e6 8. Nf4 Bh7 9. Bc4 Nf6 10. c3 Nbd7 11. Qf3 Bd6 12. Ngh5 Rg8 13. O-O Nxh5 14. Qxh5 Bxf4 15. Bxf4 Bg6 16. Qg4 Bf5 17. Qg3 Nf6 18. Be5 Ne4 19. Qe3 Qxh4 20. Rfe1 O-O-O 21. b4 Ng5 22. b5 Qe4 23. Qg3 Qg4 24. Qxg4 Bxg4 25. bxc6 bxc6 26. Rab1 Bf5 27. Ba6+ Kd7 28. Rb7+ Ke8 29. Rxa7 Rd7 30. Bb7 Ke7 31. f3 f6 32. Bg3 Nf7 33. a4 Nd8 34. a5 Nxb7 35. a6 Nd6 36. Rxd7+ Kxd7 37. a7 Ra8 38. Ra1 Bd3 39. Kf2 g5 40. Ke1 f5 41. Be5 Bc4 42. Kf2 h5 43. g3 g4 44. fxg4 hxg4 45. Ke3 Nb5 46. Bb8 Nxc3 47. Rh1 Nd5+ 48. Kf2 Nf6 49. Rh8 Bd5 50. Ke3 Ke7 51. Bd6+ Kxd6 52. Rxa8 Nd7 53. Rd8 c5 54. dxc5+ Kc7 55. a8=Q 1/2-1/2

[Event "8.Open B Week-End"]
[Site "Padova"]
[Date "2005.12.11"]
[Round "2.16"]
[White "Moi, Roberto"]
[Black "Menin, Massimo"]
[Result "1-0"]
[WhiteElo "1994"]
[BlackElo "1523"]
[Annotator "Gabriele Ballarin"]
[PlyCount "115"]
[EventDate "2005.12.10"]
[EventType "swiss"]
[EventRounds "6"]
[EventCountry "ITA"]

1. d4 d5 2. c4 e6 3. Nc3 Nf6 4. cxd5 exd5 5. Bg5 Be7 6. e3 c6 7. Bd3 Be6 8. Nge2 Nbd7 9. Qc2 h6 10. Bh4 Ng4 11. Bg3 Ngf6 12. f3 c5 13. dxc5 Nxc5 14. Bb5+ Ncd7 15. Nd4 O-O 16. O-O a6 17. Nxe6 fxe6 18. Be2 Rc8 19. Rad1 Qb6 20. Qd2 Bc5 21. Bf2 Ne5 22. Na4 Qb4 23. Nxc5 Qxd2 24. Rxd2 Rxc5 25. e4 Rc6 26. exd5 Nxd5 27. Bd4 Ng6 28. Bd3 Ngf4 29. Be4 Rfc8 30. Be5 Rc1 31. Rxc1 Rxc1+ 32. Kf2 Kf7 33. g3 Ng6 34. Bd4 b5 35. Rc2 Rxc2+ 36. Bxc2 Nb4 37. Bb1 Ne7 38. a3 Nbc6 39. Bc5 Nd5 40. Bd3 g5 41. Ke2 Ne5 42. Be4 Nd7 43. Bd6 Kf6 44. Kd3 N7b6 45. b3 a5 46. Kd4 b4 47. axb4 axb4 48. Bxd5 Nxd5 49. Kc4 Kf5 50. g4+ Kf6 51. Bxb4 Ke5 52. Bd2 Nb6+ 53. Kc5 Nd5 54. b4 Nxb4 55. Kxb4 Kd5 56. Kc3 e5 57. Kd3 Ke6 58. Ke4 1-0

[Event "8.Open B Week-End"]
[Site "Padova"]
[Date "2005.12.11"]
[Round "2.17"]
[White "Pelosin, Matteo"]
[Black "Giuriato, Sergio"]
[Result "0-1"]
[WhiteElo "1769"]
[BlackElo "1992"]
[Annotator "Gabriele Ballarin"]
[PlyCount "95"]
[EventDate "2005.12.10"]
[EventType "swiss"]
[EventRounds "6"]
[EventCountry "ITA"]

1. e4 Nc6 2. Nf3 a6 3. d4 d5 4. exd5 Qxd5 5. Nc3 Qd6 6. d5 Ne5 7. Nxe5 Qxe5+ 8. Qe2 Qd6 9. g3 Nf6 10. Bf4 Qb4 11. O-O-O g6 12. Bxc7 Bh6+ 13. Kb1 O-O 14. d6 Be6 15. dxe7 Rfe8 16. Bd6 Qa5 17. Qe5 b5 18. Bc7 Qb4 19. Rd4 Qxe7 20. Bg2 Rac8 21. Bd6 Bxa2+ 22. Nxa2 Qxe5 23. Bxe5 Rxe5 24. Bb7 Rc7 25. Bxa6 Re2 26. Nc3 Rxf2 27. Bxb5 Kg7 28. Bd3 Be3 29. Rd6 Bc5 30. Ra6 h5 31. Rf1 Rxf1+ 32. Bxf1 Bg1 33. h3 Rb7 34. Bg2 Rb8 35. Ka2 Re8 36. Bf3 Bh2 37. g4 hxg4 38. hxg4 Re1 39. g5 Ne8 40. Ne4 Nc7 41. Ra5 Re3 42. Ra3 Re1 43. b4 Nb5 44. Rd3 Be5 45. Rd5 Ra1+ 46. Kb3 Nd4+ 47. Kc4 Nxf3 48. b5 $138 0-1

[Event "8.Open B Week-End"]
[Site "Padova"]
[Date "2005.12.11"]
[Round "2.18"]
[White "Chiodini, Pietro"]
[Black "Lavric, Mihail"]
[Result "0-1"]
[WhiteElo "1703"]
[BlackElo "1971"]
[Annotator "Gabriele Ballarin"]
[PlyCount "82"]
[EventDate "2005.12.10"]
[EventType "swiss"]
[EventRounds "6"]
[EventCountry "ITA"]

1. e4 c5 2. b4 cxb4 3. d4 e6 4. Bb2 d5 5. Nd2 Be7 6. Bd3 Nc6 7. Ngf3 dxe4 8. Nxe4 Nf6 9. Ne5 a6 10. O-O Nxe4 11. Bxe4 Nxe5 12. dxe5 Qxd1 13. Rfxd1 Rb8 14. a4 Bd7 15. a5 Bc6 16. Bd3 O-O 17. Bd4 Rfd8 18. Bb6 Rd5 19. f4 Rc8 20. Bc4 Rxd1+ 21. Rxd1 g6 22. g3 Be4 23. Bd3 Bxd3 24. cxd3 Bc5+ 25. Bxc5 Rxc5 26. Ra1 Rd5 27. Ra4 Rb5 28. Kf2 b3 29. Ra1 Rxa5 30. Rb1 Rb5 31. Ke3 a5 32. Kd4 a4 33. Kc4 Rb6 34. Kc3 Kf8 35. h3 Ke7 36. g4 h5 37. d4 hxg4 38. hxg4 Kd7 39. Kc4 b2 40. Kc5 Rb3 41. Kc4 Kc6 0-1

[Event "8.Open B Week-End"]
[Site "Padova"]
[Date "2005.12.11"]
[Round "2.19"]
[White "Di Mauro, Valerio"]
[Black "Pojer, Romeo"]
[Result "0-1"]
[WhiteElo "1526"]
[BlackElo "2153"]
[Annotator "Gabriele Ballarin"]
[PlyCount "46"]
[EventDate "2005.12.10"]
[EventType "swiss"]
[EventRounds "6"]
[EventCountry "ITA"]

1. e4 e5 2. Nf3 Nc6 3. d4 exd4 4. Bc4 Nf6 5. e5 d5 6. Bb5 Ne4 7. O-O Bc5 8. Nxd4 O-O 9. Bxc6 bxc6 10. b4 Bb6 11. a4 Ba6 12. Re1 Nxf2 13. Kxf2 Qh4+ 14. Kg1 Bxd4+ 15. Be3 Bxa1 16. c3 Rfe8 17. Bd4 f6 18. Nd2 Bb2 19. e6 Bc4 20. Re3 a5 21. Rh3 Qg5 22. Qc2 Rxe6 23. Nf3 Qc1+ 0-1

[Event "8.Open B Week-End"]
[Site "Padova"]
[Date "2005.12.11"]
[Round "2.20"]
[White "Badiale, Riccardo"]
[Black "De Biaggi, Paolo"]
[Result "1-0"]
[WhiteElo "1729"]
[BlackElo "1877"]
[Annotator "Gabriele Ballarin"]
[PlyCount "81"]
[EventDate "2005.12.10"]
[EventType "swiss"]
[EventRounds "6"]
[EventCountry "ITA"]

1. d4 e6 2. c4 c5 3. d5 exd5 4. cxd5 d6 5. Nc3 Be7 6. e4 a6 7. a4 Nd7 8. Nf3 Bf6 9. Be2 Ne5 10. Nd2 Bg5 11. Nc4 Bxc1 12. Rxc1 Nxc4 13. Bxc4 Qg5 14. O-O f6 15. Qe2 Qe5 16. Kh1 g5 17. a5 Bd7 18. Qe3 h5 19. f4 gxf4 20. Rxf4 Nh6 21. Qd2 O-O-O 22. Rcf1 Ng4 23. Qe2 Rdg8 24. Bxa6 bxa6 25. Qxa6+ Kd8 26. Qd3 Qg5 27. Qf3 Ne3 28. Rf2 Ng4 29. Rf1 Ne5 30. Qg3 Qxg3 31. hxg3 Rxg3 32. Rxf6 Kc7 33. Rf8 Rh7 34. a6 Kb6 35. Rb8+ Ka7 36. Rb7+ Kxa6 37. Rb8 Ka7 38. Rb3 Ba4 39. Ra1 Ka8 40. Rxa4+ Ra7 41. Rxa7+ 1-0

[Event "8.Open B Week-End"]
[Site "Padova"]
[Date "2005.12.11"]
[Round "2.21"]
[White "Alessi, Giovanni"]
[Black "Borin, Fabio"]
[Result "0-1"]
[WhiteElo "1640"]
[BlackElo "2128"]
[Annotator "Gabriele Ballarin"]
[PlyCount "124"]
[EventDate "2005.12.10"]
[EventType "swiss"]
[EventRounds "6"]
[EventCountry "ITA"]

1. e4 Nf6 2. Nc3 d5 3. exd5 Nxd5 4. Ne4 Bf5 5. d3 Nc6 6. Nf3 e5 7. g3 Qd7 8. Bg2 O-O-O 9. O-O Be7 10. a3 Bg4 11. Qe1 Qf5 12. Ned2 Rhe8 13. b4 a6 14. Bb2 Bf6 15. Qc1 h5 16. h4 Nb6 17. Nh2 Bh3 18. Be4 Qd7 19. Re1 g5 20. hxg5 Bxg5 21. Nhf3 Bh6 22. Nh4 f5 23. Bg2 f4 24. Kh2 Bxg2 25. Nxg2 Nd4 26. Qd1 fxg3+ 27. fxg3 Bxd2 28. Rf1 Bg5 29. c4 Nf5 30. Qf3 Nd4 31. Qe4 Kb8 32. a4 Nc8 33. b5 Nd6 34. Qd5 N6f5 35. bxa6 Qxd5 36. cxd5 bxa6 37. Bxd4 Nxd4 38. Rf7 Rxd5 39. Rb1+ Kc8 40. Rbf1 Rd7 41. R7f2 Ne6 42. Rb2 Rxd3 43. Ne1 Rd2+ 44. Rxd2 Bxd2 45. Nf3 Ba5 46. Ng5 e4 47. Kg2 e3 48. Nf3 e2 49. Ne1 Bxe1 50. Rxe1 Nd4 51. Rh1 e1=N+ 52. Kf1 Re5 53. Rh4 c5 54. g4 hxg4 55. Rxg4 Nef3 56. Rg8+ Kc7 57. a5 Kc6 58. Rf8 Nd2+ 59. Kg2 Kb5 60. Rd8 c4 61. Rc8 Rg5+ 62. Kh3 N4f3 0-1

[Event "8.Open B Week-End"]
[Site "Padova"]
[Date "2005.12.11"]
[Round "2.22"]
[White "Zanirato, Stefano"]
[Black "Favero, Graziano"]
[Result "1-0"]
[WhiteElo "1947"]
[BlackElo "1643"]
[Annotator "Gabriele Ballarin"]
[PlyCount "115"]
[EventDate "2005.12.10"]
[EventType "swiss"]
[EventRounds "6"]
[EventCountry "ITA"]

1. Nf3 d6 2. d3 Nf6 3. c3 g6 4. e4 Bg7 5. Be2 c5 6. O-O O-O 7. Bd2 Nc6 8. Qc1 Bg4 9. Bh6 Ne5 10. Bxg7 Kxg7 11. Nbd2 Rc8 12. h3 Bxf3 13. Nxf3 Nxf3+ 14. Bxf3 b5 15. Qe3 Nd7 16. a4 a6 17. d4 Qb6 18. e5 cxd4 19. cxd4 dxe5 20. dxe5 Qxe3 21. fxe3 Nxe5 22. Bb7 Rb8 23. Bxa6 bxa4 24. Rf2 Rb4 25. Rc2 Ra8 26. Be2 Rb6 27. Ra2 Rab8 28. Bf1 Rd6 29. Rc5 Nd3 30. Bxd3 Rxd3 31. Ra5 Rdb3 32. R5xa4 Rxb2 33. Rxb2 Rxb2 34. Kh2 Re2 35. Re4 e6 36. Kg3 Kf6 37. Kf3 Rd2 38. Rf4+ Ke7 39. Ra4 e5 40. g4 f5 41. gxf5 gxf5 42. Rh4 Kf6 43. Rxh7 e4+ 44. Kg3 Re2 45. Rh8 Rxe3+ 46. Kg2 Rf3 47. Rg8 Kf7 48. Rg5 Kf6 49. Rg8 Rd3 50. h4 Ke5 51. h5 Kf4 52. h6 Rd2+ 53. Kg1 e3 54. h7 e2 55. Kf2 Rd7 56. h8=Q Re7 57. Qh4+ Ke5 58. Qxe7+ 1-0

[Event "8.Open B Week-End"]
[Site "Padova"]
[Date "2005.12.11"]
[Round "2.23"]
[White "Pedrotti, Luciano"]
[Black "Boni, Gianni"]
[Result "1-0"]
[WhiteElo "1863"]
[BlackElo "1640"]
[Annotator "Gabriele Ballarin"]
[PlyCount "92"]
[EventDate "2005.12.10"]
[EventType "swiss"]
[EventRounds "6"]
[EventCountry "ITA"]

1. e4 b6 2. d4 Bb7 3. Nc3 e6 4. Nf3 Bb4 5. Bd3 Nf6 6. Bg5 h6 7. Bh4 g5 8. Bg3 Nxe4 9. Bxe4 Bxe4 10. O-O Bxc3 11. bxc3 d6 12. Nd2 Bb7 13. f4 Nd7 14. f5 Qe7 15. c4 O-O-O 16. c3 exf5 17. Rxf5 Qe3+ 18. Kh1 Qxc3 19. d5 Qg7 20. a4 h5 21. a5 Kb8 22. axb6 axb6 23. Ne4 Qg6 24. Qf1 h4 25. Be1 Ne5 26. Bc3 Bc8 27. Nxd6 cxd6 28. Rf2 Qd3 29. Qc1 Qxc4 30. Rc2 Bf5 31. Rca2 Rc8 32. Qa3 Kc7 33. Bxe5 Kd8 34. Bxh8 Kd7 35. Bf6 h3 36. Qa4+ b5 37. Qxc4 hxg2+ 38. Kxg2 bxc4 39. Kg3 c3 40. Bxg5 c2 41. Rc1 Rc3+ 42. Kf4 Bg6 43. h4 Rc4+ 44. Ke3 Re4+ 45. Kf2 Rc4 46. Ra7+ Kc8 {Nur} 1-0

[Event "8.Open B Week-End"]
[Site "Padova"]
[Date "2005.12.11"]
[Round "2.24"]
[White "Negro, Raffaele"]
[Black "Borsato, Mirko"]
[Result "0-1"]
[WhiteElo "1766"]
[BlackElo "1613"]
[Annotator "Gabriele Ballarin"]
[PlyCount "74"]
[EventDate "2005.12.10"]
[EventType "swiss"]
[EventRounds "6"]
[EventCountry "ITA"]

1. d4 c6 2. Nf3 Qc7 3. e4 d6 4. Bd3 Bg4 5. O-O Nd7 6. c3 e5 7. Nbd2 h6 8. h3 Bh5 9. Re1 g5 10. g4 Bg6 11. dxe5 dxe5 12. Nc4 f6 13. b4 h5 14. Nh2 hxg4 15. hxg4 Nb8 16. f3 Qh7 17. Re2 Nd7 18. Be3 Be7 19. Na5 Rb8 20. Bxa7 Ra8 21. Be3 Rb8 22. Nc4 c5 23. b5 Nf8 24. Qa4 Qh3 25. Rg2 Ne6 26. Rd1 Kf7 27. Bc2 Nh6 28. Rd7 Nf4 29. Bxf4 gxf4 30. Nd6+ Kf8 31. Qa7 Bxd6 32. Rxd6 Kg7 33. Rd7+ Nf7 34. Qxc5 Rbc8 35. Rc7 Rcd8 36. Qf2 Qh6 37. Rxb7 Rc8 {Nur} 0-1